000 00933nam a2200217Ii 4500
003 JO-AjNU
008 230605s9999||||xx |||||||||||||| ||und||
017 _a2008/5/1656
040 _aJO-AjNU
_bara
_erda
_cJO-AjNU
041 _aara
050 1 4 _aHB61.S5834.2009
100 3 _aتأليف شكري، فهمي محمود,
_eauthor
_927545
245 0 0 _aالمعجم التجاري والاقتصادي: أول معجم شامل بكل المصطلحات التجارية والاقتصادية المتداولة في العالم وتعريفاتها
250 _aط1
264 3 1 _aعمان: دار أسامة، 2009
300 _a496ص
_bيشتمل على المصادر والمراجع الببلوغرافية ص(455-456)
336 _atext
_btxt
_2rdacontent
337 _aunmediated
_bn
_2rdamedia
338 _avolume
_bnc
_2rdacarrier
650 4 _aالتجارة -- معاجم -- الاقتصاد -- معاجم
_927546
999 _aA10577
_c14145
_d14145